Countries that Have the Most Reddit Users - Statistics

General Stats
  • This quiz has been taken 80 times
  • The average score is 13 of 15
Answer Stats
Users Country % Correct
17M Canada
100%
105M United States
100%
16M Germany
99%
34M United Kingdom
99%
15M France
97%
15M Brazil
96%
32M India
96%
10M Italy
90%
13M Mexico
90%
13M Australia
89%
9M Japan
87%
12M Indonesia
79%
8M Turkey
68%
12M Netherlands
62%
6M Colombia
59%
No matching quizzes found
Score Distribution
Percent of People with Each Score
Percentile by Number Answered
Your Score History
You have not taken this quiz